The pillars of the earth. #1 / Ken Follett.
Available copies
- 3 of 4 copies available at LARL/NWRL Consortium. (Show)
- 0 of 1 copy available at Lake Agassiz Regional Library.
Current holds
0 current holds with 4 total copies.
Show Only Available Copies
| Location | Call Number / Copy Notes | Barcode | Shelving Location | Status | Due Date |
|---|---|---|---|---|---|
| Hawley Public Library | FOL (Text) | 33500013002480 | Main | Checked out | 07/15/2026 |
Record details
- ISBN: 9780451222138
- ISBN: 9780451225245
- ISBN: 0451225244
- ISBN: 0688046592 :
- ISBN: 0451166892
- ISBN: 9780451166890
- ISBN: 9780451207142
- Physical Description: 973 p. : ill. ; 23 cm.
- Edition: New American Library deluxe ed.
- Publisher: New York : New American Library, 2007.
Content descriptions
| Summary, etc.: | A prior, a master builder, and their community try ... Read More |
Search for related items by subject
| Subject: | Great Britain > History > Stephen, 1135-1154 > Fiction. Cathedrals > Design and construction > Fiction. Church architecture > Fiction. |
| Genre: | Historical fiction. Epic fiction. |
Search for related items by series
| LDR | 01333cam a2200313Ia 4500 | ||
|---|---|---|---|
| 001 | 95623 | ||
| 003 | LARL_NWRL_CONSORTIUM | ||
| 005 | 20240909150456.0 | ||
| 008 | 071108s2007 nyua 000 1 eng d | ||
| 020 | . | ‡a9780451222138 | |
| 020 | . | ‡a9780451225245 | |
| 020 | . | ‡a0451225244 | |
| 020 | . | ‡a0688046592 : ‡c$22.95 | |
| 020 | . | ‡a0451166892 | |
| 020 | . | ‡a9780451166890 | |
| 020 | . | ‡a9780451207142 | |
| 040 | . | ‡aEYP ‡cEYP ‡dYDXCP ‡dBAKER ‡dZQP ‡dJYJ ‡dIUI ‡dXY4 ‡dBTCTA ‡dOSU | |
| 043 | . | ‡ae-uk--- | |
| 082 | 0 | 4. | ‡a823/.914 ‡222 |
| 090 | . | ‡aPR6056.O45 ‡bP55 2007 | |
| 100 | 1 | . | ‡aFollett, Ken. ‡0(LARL_NWRL_CONSORTIUM)53255 |
| 245 | 1 | 4. | ‡aThe pillars of the earth. ‡n#1 / ‡cKen Follett. |
| 250 | . | ‡aNew American Library deluxe ed. | |
| 260 | . | ‡aNew York : ‡bNew American Library, ‡c2007. | |
| 300 | . | ‡a973 p. : ‡bill. ; ‡c23 cm. | |
| 490 | 0 | . | ‡aKingsbridge ; ‡v1 |
| 520 | . | ‡aA prior, a master builder, and their community try to build a cathedral to protect themselves while Stephen and the Empress Maud fight for the crown of England. | |
| 651 | 0. | ‡aGreat Britain ‡xHistory ‡yStephen, 1135-1154 ‡vFiction. ‡0(LARL_NWRL_CONSORTIUM)168477 | |
| 650 | 0. | ‡aCathedrals ‡xDesign and construction ‡vFiction. | |
| 650 | 0. | ‡aChurch architecture ‡vFiction. | |
| 655 | 7. | ‡aHistorical fiction. ‡2gsafd | |
| 655 | 7. | ‡aEpic fiction. ‡2gsafd | |
| 901 | . | ‡a95623 ‡bISxN ‡c95623 ‡tbiblio | |

Add to basket
Permalink
Disable Highlighting